ලංකා සමසමාජ පක්ෂය හා පොදුජන එක්සත් පෙරමුණු ආණ්ඩුව : (Record no. 4499)

MARC details
000 -LEADER
fixed length control field 00728nam a2200181 4500
003 - CONTROL NUMBER IDENTIFIER
control field LK-CoMWRAF
005 - DATE AND TIME OF LATEST TRANSACTION
control field 20231217172903.0
008 - FIXED-LENGTH DATA ELEMENTS--GENERAL INFORMATION
fixed length control field 231217b |||||||| |||| 00| 0 eng d
020 ## - INTERNATIONAL STANDARD BOOK NUMBER
International Standard Book Number 9559636901
040 ## - CATALOGING SOURCE
Original cataloging agency LK-CoMWRAF
Modifying agency LK-CoMWRAF
Description conventions LK-CoMWRAF
041 ## - LANGUAGE CODE
Language code of text/sound track or separate title Sinhala; Sinhalese
082 ## - DEWEY DECIMAL CLASSIFICATION NUMBER
Classification number 320.95
Item number LAN
942 ## - ADDED ENTRY ELEMENTS (KOHA)
Koha item type Books
245 ## - TITLE STATEMENT
Title ලංකා සමසමාජ පක්ෂය හා පොදුජන එක්සත් පෙරමුණු ආණ්ඩුව :
Remainder of title ඉදිරි කාර්යයන්
246 ## - VARYING FORM OF TITLE
Title proper/short title Lanka samasamaja pakshaya ha podujana eksath peramunu anduwa : idiri karyayan
260 ## - PUBLICATION, DISTRIBUTION, ETC. (IMPRINT)
Place of publication, distribution, etc. කොළඹ :
Name of publisher, distributor, etc. ලේඛන හා පුවත්පත් ප්‍රකාශන,
Date of publication, distribution, etc. 1998
300 ## - PHYSICAL DESCRIPTION
Extent පි. 80
Holdings
Withdrawn status Lost status Damaged status Not for loan Permanent Location Current Location Date acquired Full call number Barcode Koha item type
        Resource center, Muslim Women's Research And Action Forum Resource center, Muslim Women's Research And Action Forum 2023-12-17 320.95 LAN RAF3701 Books

Copyright © 2023 Muslim Women's Research and Action Forum (MWRAF), No 27/3, Anderson Road, Kalubowila, Dehiwela. Funded by The Asia Fundation